000 01152nam a2200217Ia 4500
003 Ost
005 20260416102353.0
008 260416s9999||||xx |||||||||||||| ||und||
040 _cfsecg
041 _aara
082 _a658.403
100 _aبعوني، ليلى
_eمؤلف
245 0 _aنظرية القرار دروس وتمارين /
_c ليلى بعوني
260 _aالجزائر
_bجامعة الجزائر3: كلية العلوم الإقتصادية، العلوم التجارية وعلوم التسيير
_c2018
300 _a103 ورقة
_bايضاحات
_c30 سم
504 _aمراجع ص.140
520 _aمدخل إلى نظرية القرار، اتخاذ القرار في حالة التأكد وحالة عدم التأكد، اتخاذ القرار في حالة المخاطرة، نظرية بايز واتخاذ القرار، الأسلوب المعياري وشجرة القرارات
653 _aاتخاذ القرارات
710 _aجامعة الجزائر3: كلية العلوم الإقتصادية، العلوم التجارية وعلوم التسيير
_eناشر علمي
942 _cHANDOUT
999 _c41078
_d41078